000 01104nam a2200265 a 4500
999 _c447073
_d447073
003 BLK
005 20230808085615.0
008 220302b bul|||||r ||||||| ||bul||
040 _aBLK
041 _aBUL
_cBUL
080 _aСпортисти - Професионални спортисти, треньори, учители в спортни школи и спорт. у-ща, спорт. журналисти, съдии, жури и др.
_b796.071
_x(062)
_z796.071(062)
139 _bД 45
245 1 0 _aДесетте най-добри спортисти на Русенски окръг 1982 г.
_h[Малотир. изд.]
260 _aРусе
_bЦС на БСФС
_c1983
_9221257
300 _a13 с.
_c20 см
380 _a79
500 _aБълг. съюз за физическа култура и спорт, Окр. съвет - Русе
653 7 _9195870
_aрусенски спортисти
653 7 _9197146
_aспорт
852 _bК
_cК 796/799/Д 45
856 _i0.00
_ldisable
942 _cKNG
_n0
_s1
_01
944 _aCR
_c2022-03-04
_k30570
_lМоника Янева
999 _d447073